00722nac a22001811u 4500010001600000020001700016082001800033090001500051100003400066245009900100260006000199300007100259500002000330610004900350942002000399999001500419952010600434 a 81135812 a0600367770 :00a324.2410bMOO c5134d5134 aMoore, Sheila, 14aThe Conservative Party :bthe first 150 years /cSheila Moore ; foreword by Margaret Thatcher. aRichmond-upon-Thames :bCountry Life Books,1980.c1980. a175 p. :bill. (some col.), facsims., ports. (some col.) ;c31 cm. aIncludes index.20aConservative Party (Great Britain)xHistory. cBBk324.2410MOO c5134d5134 00104070aMAINbMAINc1STd2007-10-17ePurchasel0o324.2410MOOp000006087r2025-07-15 00:00:00yBB